Chansons françaises par paroles commençant par D - Statistiques

Statistiques générales
  • Ce quiz a été pris 176 fois
  • Le résultat moyen est 10 sur 20
Statistiques - réponses
Hint Réponse % Correct
Yasmine a une belle voix, elle sait qu’elle est douée Dans la tempête de sa vie, la musique est sa bouée Face à ses mélodies, le monde est à ses pieds Mais son père lui répétait, trouve-toi un vrai métier Dommage
82%
Dans mon verre
Je regarde la mer
Qui se balance
J'veux un disque
De funky music
Faut que ça danse
Les {démons de minuit}
82%
J'ai longtemps parcouru son corps effleuré cent fois son visage
J'ai trouvé de l'or et même quelques étoiles en essuyant ses larmes
Et j'ai appris par cœur la pureté de ses formes
Parfois je les dessine encore elle fait partie de moi
Dernière danse
76%
J'suis pas d'humeur tout me déprime
Et il se trouve que par hasard y a un super bon film à la télé ce soir
Un chef-d'œuvre du septième art que je voudrais revoir
Un drame très engagé sur la police de Saint-Tropez
C'est une satire sociale dont le personnage central est joué par De Funès
En plus y a des extraterrestres
Le {dîner}
66%
C'est pas l'homme qui prend la mer C'est la mer qui prend l'homme Moi la mer elle m'a pris Au dépourvu Tant pis Dès que le vent soufflera
62%
Quand je s'rai grand, je s'rai Bee Gees
Ou bien pilote de formule 1
En attendant, je me déguise
C'est vrai
Que tous les costumes me vont bien
Double je
62%
Je regarde sur la chaise
Le journal du matin
Les nouvelles sont mauvaises
D'où qu'elles viennent
Déjeuner en paix
60%
C'est la fin, le tout dernier matin, le tout dernier jasmin
Ne me lâche pas la main, c'est la fin
Le soleil au lointain s'écroule seul dans son coin
Ne me lâche pas je te tiens
Le {dernier jour du disco}
57%
Si je dois tomber de haut Que ma chute soit lente Je n'ai trouvé de repos Que dans l'indifférence Désenchantée
56%
Une violente envie de descente lorsque t'embrasses ces gars Je n'ferai point l'enfant, tout cela ne m'atteint pas Des rumeurs adolescentes disent que je ne suis pas Un homme à femmes et rien d'autre qu'un homme à toi Dis-moi
56%
Mais comment ça le monde est tit-pe
Tu croyais quoi qu'on s'verrait plus jamais
J'pourrais t'afficher mais c'est pas mon délire
D'après les rumeurs tu m'as eue dans ton lit
Djadja
56%
Mais quel Quel est ce pays Où frappe la nuit La loi du plus fort Diego libre dans sa tête
54%
La lumière revient déjà
Et le film est terminé
Je réveille mon voisin
Il dort comme un nouveau-né
La {dernière séance}
52%
Mais l'hiver vient d'éclater Le Saint-Laurent est prisonnier D'un décembre qui va bien durer six mois Quand les jours ressemblent aux nuits Sans éclaircie à espérer Qui peut croire que l'été nous reviendra Dans les yeux d'Émilie
46%
Quand je s'rai fatigué d'avancer dans les brumes d'un rêve
Quand je s'rai fatigué d'un métier où tu marches où tu crèves
Lorsque demain ne m'apportera
Que les cris inhumains d'une meute aux abois
La {dame de Haute-Savoie}
41%
Je crois pourtant qu’il est seul et qu’il voit d’autres filles
Je ne sais pas ce qu’elles veulent ni les phrases qu’il dit
Je ne sais pas où je suis quelque part dans sa vie
Si je compte aujourd’hui plus qu’une autre pour lui
D'amour ou d'amitié
30%
Dans l'espoir docile
Tes ailes fragiles
Je te devine ____________ L'amour qui sommeille Dans un souffle irréel
Divine idylle
25%
Y a pas d'amour sans patience D'histoire sans y croire Pas d'amour sans le vouloir Si je sais que tu m'attends Donne-moi le temps
16%
Le monde tient à un fil
Moi je tiens à mon rêve
Rester maître du temps
Et des ordinateurs
Débranche
15%
La muraille penche et se tord Pour faire un toit aux amoureux Et la femme au ventre arrondi Se remplit d'un nouveau feu Dieu que c'est beau
15%
Aucun quiz correspondant
Distribution des résultats
% des personnes avec chaque résultat
Percentile par nombre de réponses
Votre historique - résultats
Vous n’avez pas pris ce quiz